Thiếu Sơn toàn tập; T1

保存先:
書誌詳細
第一著者: Văn học
フォーマット: 図書
言語:Undetermined
出版事項: H. Văn học 2003
タグ: タグ追加
タグなし, このレコードへの初めてのタグを付けませんか!
Thư viện lưu trữ: Trung tâm Học liệu Trường Đại học Cần Thơ
LEADER 00383nam a2200145Ia 4500
001 CTU_59171
008 210402s9999 xx 000 0 und d
082 |a 895.922008 
082 |b Th309/T1 
100 |a Văn học 
245 0 |a Thiếu Sơn toàn tập; T1 
260 |a H. 
260 |b Văn học 
260 |c 2003 
980 |a Trung tâm Học liệu Trường Đại học Cần Thơ